Gaming Quiz

Random Gaming or Nintendo Quiz
Score 0/43 Timer 10:00
0 Plays Today
Clue % Correct
Rival Racer/MorcuCorpMorcubus
85.7%
Rival Racer/Crew/FriendT.O.B.O.R.
85.7%
Rival Racer/MorcuCorpBrandi
76.2%
Rival RacerChaz McFreely
76.2%
Rival Racer/Crew/FriendMakoto
76.2%
Rival Racer/Crew/FriendOl' Gabby
76.2%
Friend/MorcuCorpGoth Boy
76.2%
Rival RacerGinny
71.4%
Racer/Crew/FriendDr. F
66.7%
Rival Racer/MorcuCorpStar
66.7%
FriendTravis
66.7%
Rival Racer/Crew/FriendSir Charles
61.9%
FriendShirley
61.9%
Cameo/MorcuCorpEsma
61.9%
Rival Racer/MorcuCorpMel
57.1%
Rival Racer/MorcuCorpViolet Nightshade
57.1%
FriendProfessor Nova
57.1%
FriendRoxie Road
57.1%
FriendVic Vector
57.1%
Rival RacerKing Roland
52.4%
Cameo/MorcuCorpRoger
52.4%
Rival RacerDJ Candy Supergroove
47.6%
Clue % Correct
FriendDolly Dearheart
47.6%
FriendMadame Zoe
47.6%
FriendSummer
47.6%
FriendMaster Aran
42.9%
FriendPoppy Nightshade
42.9%
FriendSamurai Bob
42.9%
FriendTrevor Verily
42.9%
Friend/CrewRosalyn P. Marshall
38.1%
CameoLuis
38.1%
Cameo/MorcuCorpSir Vincent Skullfinder
38.1%
FriendChef Gino Delicioso
33.3%
CameoTaylor
33.3%
FriendChef Hisao Watanabe
28.6%
FriendGonk
28.6%
CameoMaria
28.6%
CameoMatt
28.6%
CameoKarine
23.8%
CameoStephen Albright
19%
FriendSachiko Watanabe
14.3%
CameoIan Arneson
14.3%
CameoOdin Revolution
14.3%
Remove Ads.
Support Sporcle.
Get the best of Sporcle when you Go Orange. This ad-free experience offers more features, more stats, and more fun while also helping to support Sporcle. Thank you for becoming a member.

You're not logged in!

Compare scores with friends on all Sporcle quizzes.
OR
Log In

Show Comments

Extras

Top Quizzes Today


Score Distribution

Your Account Isn't Verified!

In order to create a playlist on Sporcle, you need to verify the email address you used during registration. Go to your Sporcle Settings to finish the process.

Report this User

Report this user for behavior that violates our Community Guidelines.

Details: